000 01163nam a2200301 i 4500
001 bg
100 1 _aMateja, Krzysztof.
245 0 _aRoboty wykończeniowe :
_b[instrukcja].
_nZ. 6,
_pMontaż okien i drzwi balkonowych /
_cKrzysztof Mateja.
260 _aWarszawa :
_bInstytut Techniki Budowlanej,
_c2006.
300 _a38 s. :
_brys. ;
_c24 cm.
490 1 _aInstrukcje. Wytyczne. Poradniki / Instytut Techniki Budowlanej ;
_aWarunki techniczne wykonania i odbioru robót budowlanych ;
_v421/2006
_vCz. B
490 1 _aWarunki techniczne wykonania i odbioru robót budowlanych ;
_vCz. B
650 9 _aOkno
_xmontaż
650 9 _aDrzwi
_xmontaż
655 _aInstrukcje
710 0 _aInstytut Techniki Budowlanej
830 _aInstrukcje. Wytyczne. Poradniki - Instytut Techniki Budowlanej ;
_v421/2006
830 _aWarunki techniczne wykonania i odbioru robót budowlanych ;
020 _a8373706607 (całość)
020 _a8324903305 (z. 6)
040 _cBPK
041 0 _apol
080 _a692.8(083.1)
920 _a83-7370-660-7 (całość)
920 _a83-249-0330-5 (z. 6)
942 _cKS
008 s pl f |000 0 pol
999 _c52258
_d52258
856 _uhttp://koha.tu.koszalin.pl/cgi-bin/koha/opac-detail.pl?biblionumber=52258
_yKatalog online BPK